Colonialismo, um juízo moral (Record no. 1970)

MARC details
000 -Etiqueta do registo
Valores 00806nam a2200277 4500
010 ## - Número ISBN
ISBN 9789895760190
021 ## - Número do Depósito Legal
Código do país Portugal
Número 521554/23
100 ## - Dados gerais de processamento
Dados gerais 20251118d2023 m||y0pory50030103ba
101 ## - Língua de publicação
Língua Português
102 ## - País de publicação
País Portugal
200 ## - Titulo e menção de responsabilidade
Título próprio Colonialismo, um juízo moral
Primeira menção de responsabilidade Nigel Biggar
Outras menções de responsabilidade trad. Jorge Pereirinha Pires
205 ## - Menção da edição
Edição 1ª edição
210 ## - Publicação
Local de publicação Lisboa
Nome do editor Guerra & Paz
Data de publicação 2023
215 ## - Descrição física 
Paginação / Volumes 477, [3] p.
Dimensões 23 cm
225 ## - Colecção 
Título próprio da colecção Os livros não se rendem
300 ## - Notas gerais 
Texto da nota BMB-Registado
304 ## - Nota relativa ao título
Texto de nota Tít. orig.: Colonialism: a moral reckoning
606 ## - Nome comum usado como assunto
ID Autoridade 2827
Palavra de ordem Colonização
606 ## - Nome comum usado como assunto
ID Autoridade 2828
Palavra de ordem Política Colonial
675 ## - CDU
Notação 325.3
Edição BMB
Língua por
700 ## - Autor principal (pessoa individual)
Apelido Biggar
Nome Nigel
Datas 1955-
ID Autoridade 2829
702 ## - Autor secundário (pessoa individual)
Apelido Pires
Nome Jorge Pereirinha
Datas 1961-
Função Tradutor
ID Autoridade 2830
801 ## - Fonte de origem
País PT
Agência BMB
Regras de catalogação RPC
990 ## - Elementos KOHA
Tipo de documento Livro
Holdings
Situação do levantamento Estado Número Biblioteca de origem Código de barras Cota Permissão de empréstimo Tipo de documento Forma de aquisição
    1 Biblioteca Municipal de Borba 1919 325.3 BIG / COL   Livro Oferta
Biblioteca Municipal de Borba

Powered by Koha